Shaping photonic hook via well-controlled illumination of finite-size graded-index micro-ellipsoid; Journal of Optics; Vol. 22, iss. 8

Dades bibliogràfiques
Parent link:Journal of Optics
Vol. 22, iss. 8.— 2020.— [085002, 9 p.]
Autor corporatiu: Национальный исследовательский Томский политехнический университет Инженерная школа неразрушающего контроля и безопасности Отделение электронной инженерии
Altres autors: Liu Cheng-Yang, Chung Hungju, Minin O. V. Oleg Vladilenovich, Minin I. V. Igor Vladilenovich
Sumari:Title screen
In this work, we present an investigation of the process of photonic hook generation using mesoscale finite-size graded-index elliptical particle under illumination of limited space. The combination of illuminating beamwidth and polarization allows efficient beam shaping and directionality control of photonic hook. The switching of photonic hook is achieved by changing the graded-index of the elliptical particle with index grading type parameter g. The finite-different time-domain simulations demonstrate that the long photonic hook could be obtained by low g, whereas the narrow photonic hook could be obtained by high g. Moreover, the bending direction of photonic hook could be controlled by the polarization state of incident beam. The adjustable graded-index and illumination of the elliptical particle open up a route for simple and versatile control of photonic hook generation.
Idioma:anglès
Publicat: 2020
Matèries:
Accés en línia:https://doi.org/10.1088/2040-8986/ab9aaf
Format: MixedMaterials Electrònic Capítol de llibre
KOHA link:https://koha.lib.tpu.ru/cgi-bin/koha/opac-detail.pl?biblionumber=663205

MARC

LEADER 00000naa0a2200000 4500
001 663205
005 20250425112846.0
035 |a (RuTPU)RU\TPU\network\34374 
090 |a 663205 
100 |a 20210129d2020 k||y0rusy50 ba 
101 0 |a eng 
102 |a GB 
135 |a drcn ---uucaa 
181 0 |a i  
182 0 |a b 
200 1 |a Shaping photonic hook via well-controlled illumination of finite-size graded-index micro-ellipsoid  |f Liu Cheng-Yang, Chung Hungju, O. V. Minin, I. V. Minin 
203 |a Text  |c electronic 
300 |a Title screen 
320 |a [References: 34 tit.] 
330 |a In this work, we present an investigation of the process of photonic hook generation using mesoscale finite-size graded-index elliptical particle under illumination of limited space. The combination of illuminating beamwidth and polarization allows efficient beam shaping and directionality control of photonic hook. The switching of photonic hook is achieved by changing the graded-index of the elliptical particle with index grading type parameter g. The finite-different time-domain simulations demonstrate that the long photonic hook could be obtained by low g, whereas the narrow photonic hook could be obtained by high g. Moreover, the bending direction of photonic hook could be controlled by the polarization state of incident beam. The adjustable graded-index and illumination of the elliptical particle open up a route for simple and versatile control of photonic hook generation. 
461 |t Journal of Optics 
463 |t Vol. 22, iss. 8  |v [085002, 9 p.]  |d 2020 
610 1 |a электронный ресурс 
610 1 |a труды учёных ТПУ 
610 1 |a световые лучи 
610 1 |a численное моделирование 
610 1 |a фотонные пучки 
701 0 |a Liu Cheng-Yang 
701 0 |a Chung Hungju 
701 1 |a Minin  |b O. V.  |c physicist  |c professor of Tomsk Polytechnic University, Doctor of technical sciences  |f 1960-  |g Oleg Vladilenovich  |3 (RuTPU)RU\TPU\pers\44941  |9 21866 
701 1 |a Minin  |b I. V.  |c physicist  |c Professor of Tomsk Polytechnic University, Doctor of technical sciences  |f 1960-  |g Igor Vladilenovich  |3 (RuTPU)RU\TPU\pers\37571  |9 20427 
712 0 2 |a Национальный исследовательский Томский политехнический университет  |b Инженерная школа неразрушающего контроля и безопасности  |b Отделение электронной инженерии  |3 (RuTPU)RU\TPU\col\23507 
801 2 |a RU  |b 63413507  |c 20210129  |g RCR 
850 |a 63413507 
856 4 |u https://doi.org/10.1088/2040-8986/ab9aaf 
942 |c CF